150 albums rap français - Statistiques

Statistiques générales
  • Ce quiz a été pris 381 fois
  • Le résultat moyen est 51 sur 150
Statistiques - réponses
ALBUM ARTISTE % Correct
Destin Ninho
93%
Or noir Kaaris
92%
Charo life Niska
91%
Lithopédion Damso
89%
Enna PLK
88%
Temps mort Booba
86%
Dans la légende PNL
85%
LMF Freeze Corleone
80%
Cyborg Nekfeu
80%
Rien100rien Jul
79%
Rooftop SCH
79%
J.O.$ Josman
77%
Best life Naps
76%
1994 Hamza
74%
L'école du micro d'argent IAM
71%
NQNT2 Vald
71%
KMT Gazo
70%
L'affranchi Koba la D
70%
Les derniers salopards Maes
70%
Cicatrices Zola
70%
Trap$tar Leto
69%
UMLA Alpha Wann
68%
Trinity Laylow
67%
Le chant des sirènes Orelsan
67%
Carré Werenoi
67%
Akimbo Ziak
67%
Paris sous les bombes NTM
64%
En esprit Heuss l'enfoiré
62%
Adios Bahamas Népal
62%
Liens du 100 SDM
62%
Dans ma bulle Diams
60%
Subliminal Gims
59%
Corleone Lacrim
59%
Jeannine Lomepal
59%
Double V Mister V
57%
Bendero Moha la Squale
55%
Etoile noire Luv Resval
54%
Bandit saleté Sofiane
53%
Gros bébé Naza
51%
Gravé dans la roche SNIPER
51%
Cité blanche Larry
50%
Banlieusard Kery James
49%
le code de l'horreur Rohff
49%
Zone 59 Gradur
48%
Mauvais oeil Lunatic
48%
Taulier Niro
45%
Nique le casino Sadek
45%
Antidote Shay
44%
Architecte DA Uzi
43%
Mutant Rim'k
43%
Insolent RK
43%
Première consultation Doc Gynéco
42%
FAME Lefa
41%
Saison 2 Kerchak
38%
Avenue de St Antoine Alonzo
35%
Rescapé Soso Maness
35%
Spleen Djadja et Dinaz
34%
Mes repères La Fouine
34%
Bitume Caviar (ft. Isha) Limsa d'Aulnay
34%
Légende vivante Lorenzo
34%
Amicalement votre Guizmo
33%
Pacifique Disiz
32%
Il le fallait Favé
32%
Héra Georgio
32%
Cœur abîmé UZI
32%
Caméléon ZKR
32%
La sans pitax Brulux
30%
Perestroïka Dosseh
30%
Saison 00 Luidji
30%
HLM2 Mister You
30%
Le cactus de Sibérie Oxmo Puccino
30%
Chocolat Roméo Elvis
30%
Jeudi Hugo TSR
29%
Into the dark Menace Santana
28%
Enfant2LaRue Sasso
28%
Nouvo Mode Sneazzy
28%
Sans visa Soolking
27%
Métèque et mat Akhenaton
26%
Monument Alkpote
26%
Busta Flex Busta Flex
26%
Comment c'est loin Casseurs Flowters
26%
Montagnes russes Lujipeka
26%
Cercle vertueux Deen Burbigo
25%
Enfant lune Gringe
25%
Black panther Médine
25%
La vie est belle Gambi
24%
Prose combat MC Solaar
24%
Noir D**** Youssoupha
24%
S/o le flem Django
23%
Nous-mêmes Hornet la frappe
23%
Pit Baccardi Pit Baccardi
23%
Vaillants YL
22%
Hat Trick Jeanjass
21%
euphoria Krisy
21%
Destins liés S-Crew
21%
Oso Caballero
20%
Barillet plein Seth Gueko
20%
Faites pas chier j'prépare un album ISHA
19%
La main sur le cœur Sinik
19%
Art de rue Fonky Family
17%
Sixnueve L'allemand
17%
La cerise sur le ghetto Mafia K1fry
17%
Zonard des étoiles Nessbeal
17%
Spécial Siboy
17%
quelque chose a survécu Arsenik
16%
Mode de vie béton style Le rat Luciano
16%
Où je vis Shurik'n
16%
Prolongations Salif
15%
CDG Benash
14%
International L'algérino
14%
Universel 113
13%
Dire je t'aime Ben PLG
13%
MOOD3 Franglish
13%
Eurêka Hayce Lemsi
13%
Noir Mac Tyer
13%
Block Party Psy4 de la rime
12%
Oui je le suis Sefyu
12%
Drapeau blanc Benab
11%
Appartement 105 Keblack
11%
Entre ciment et belle étoile Keny Arkana
10%
C'est toujours pour ceux qui savent Tandem
10%
A la régulière Dany Dan
9%
La fusée Gambino
9%
Jeunes entrepreneurs L'entourage
9%
Les Tentations Passi
8%
Tactique palestinienne Roi Heenok
8%
Ce que l'on vit Elams
7%
Indécis GLK
7%
Hostile 404billy
6%
Crise de Conscience Kool Shen
6%
Sovietskiy Tovaritch
6%
Marqué à vie Tunisiano
6%
Tout dans la tête Zoxea
6%
Mise au poing Davodka
5%
Passage flouté TSR Crew
4%
Phantom Aladin 135
3%
Le charme en personne Kamelancien
3%
Vive la vie Klub des loosers
3%
ADN Panama Bende
3%
Haine, misère et crasse Unité 2 feu
3%
Vox Cordis D.Ace
2%
Démons et merveilles Demon One
2%
La garde Faf Larage
2%
La vida loca Ghetto Phénomène
2%
19H07 JP Manova
2%
Au-delà des apparences OL Kainry
2%
Rookie Lamatrix
1%
Extazic L'Skadrille
1%
Ma vie MC Jean Gab'1
1%
Second souffle Sat l'artificier
1%
Aucun quiz correspondant
Distribution des résultats
% des personnes avec chaque résultat
Percentile par nombre de réponses
Votre historique - résultats
Vous n’avez pas pris ce quiz